000 00321nam a2200121Ia 4500
008 220901s9999||||xx |||||||||||||| ||und||
082 _a575 JOS
100 _aJoshi, Amithab
245 0 _aJournal of genetics
250 _aVol. 89 Issue. 2 & 3
260 _bIndian Academy Science & Springer
_c2010
650 _aHumanities
999 _c193987
_d193987